LIBRARY & INFORMATION CENTRE, KCAET, TAVANUR

ONLINE PUBLIC ACCESS CATALOGUE (OPAC)

Principles of elementary education / (Record no. 2172)

MARC details
000 -LEADER
fixed length control field 00462cam a2200181ua 4500
041 ## - LANGUAGE CODE
Language code of text/sound track or separate title eng
082 ## - DEWEY DECIMAL CLASSIFICATION NUMBER
Classification number 372
Item number OTT/PR
100 ## - MAIN ENTRY--AUTHOR NAME
Personal name Otto, Hentry.J .
245 ## - TITLE STATEMENT
Title Principles of elementary education /
250 ## - EDITION STATEMENT
Edition statement 1 /
260 ## - PUBLICATION, DISTRIBUTION, ETC. (IMPRINT)
Place of publication Newyork :
Name of publisher Rinehart and wimton ,
Year of publication 1960.
300 ## - PHYSICAL DESCRIPTION
Number of Pages 455 ; .
700 1# - ADDED ENTRY--PERSONAL NAME
Personal name Floyd, Hazel .
700 1# - ADDED ENTRY--PERSONAL NAME
Personal name Rouse, Margaret .
942 ## - ADDED ENTRY ELEMENTS (KOHA)
Koha item type Books
Holdings
Withdrawn status Lost status Damaged status Home library Current library Date acquired Full call number Accession Number Koha item type
Withdrawn     KAUAET Sanskrit University 07/04/2012 372 659 Books
free website counter